000 01263nam a2200325 i 4500
001 000027120
003 DO-SdBNP
005 20240524142857.0
006 a||||dr|||| 00| 0
007 ta
008 110329e1983 dr ac 000 m spa d
040 _aDO-SdBNP
_bspa
_cBNPHU
_erda
082 4 _bG633m, 1983
_222
100 1 _aGómez de Michel, Fiume
_d1941-
_922477
_eautora
245 1 0 _aManual de literatura dominicana y américana :
_bpara el 5to. curso de reforma de la educación media (antología, guía de análisis y comentarios) /
_cFiume Gómez de Michel.
250 _a4a edición
264 _aSanto Domingo :
_bAlfa y Omega,
_c1983.
300 _a469 páginas :
_bilustraciones ;
_c27 páginas
336 _2rdacontent
_atexto
_btxt
337 _2rdamedia
_asin mediación
_bn
338 _2rdacarrier
_avolumen
_bnc
490 _aEducación y Sociedad ;
_v13
500 _aIncluye índice de autores y las obras citadas en el texto.
504 _aBibliografía por índice de autores: página 467 -469
590 _aInventariado 2024 / MF
650 4 _aLiteratura dominicana.
_967
_xlibro de texto
650 4 _aLiteratura americana
_99896
_xlibro de texto
830 _aUniversidad Autónoma de Santo Domingo ;
_v283
_917442
942 _2ddc
_cLBS1
999 _c26612
_d26612